000
00340nam a2200121 a 4500
005
20140414131904.0
008
100922s19uu xx 00 eng d
050
_a
FIC
_b
M46 2003
100
_a
Medearis, Angela Shelf
245
_a
With friends like these? Who needs enemies?.
260
_a
New York :
_b
Scholastic ,
_c
2003.
999
_c
110829
_d
110829